000 00899nam a22002297a 4500
005 20240530110527.0
008 160308s2013 ua g 000 0 ara d
017 _a8753
_bمصر . دار الكتب المصرية
020 _a9789773582749
040 _aEG-CaGPL
082 0 4 _221
_a658.8\
_bم ك
100 1 _aميدلتون ، سيمون .
245 1 0 _aكل ما تحتاج الى معرفته عن التسويق /
_cتاليف سيمون ميدلتون ؛ ترجمة عبدالحكم احمد الخزامى .
250 _aط1.
260 _aالقاهرة :
_bدار الفجر للنشر و التوزيع ،
_c2013 .
300 _a259 ص ؛
_c24 سم .
650 0 4 _aالتسويق .
650 0 4 _aالعلامات التجارية .
700 0 _aعبدالحكم احمد الخزامى
_eمترجم .
942 _2ddc
_cBK
999 _c62023
_d62023